| 000 | 01125cab a2200217 4500 | ||
|---|---|---|---|
| 001 | ##L131627 | ||
| 008 | 051121n2005 000 0 eng u | ||
| 035 | _a(Sirsi) u131627 | ||
| 041 | 0 | _aeng | |
| 110 | 2 |
_aUnited Kingdom _bOffice of the Deputy Prime Minister |
|
| 245 | 0 | 0 |
_aHouse building _bJuly to September quarter 2005 _h[electronic resource] |
| 260 | _c2005 | ||
| 490 | 0 |
_aODPM Statistical Release _v(HB-Q3) 17 November 2005 |
|
| 520 | _aIn the three months to September 2005 housing starts were down 1% compared with the same period in 2004, with house completions down 5%. During the twelve months to the end of September 2005, housing starts were up 2% compared with the previous twelve months, whilst completions were up by 1%. | ||
| 590 | _aIKA221105 | ||
| 650 | 2 | 4 | _aODPM QUARTERLY HOUSE BUILDING STATISTICS |
| 690 | _aBUILT ENVIRONMENT-CONSTRUCTION MARKET | ||
| 690 | _aPROPERTY-RESIDENTIAL PROPERTY-RESIDENTIAL PROPERTY DEVELOPMENT | ||
| 856 | 4 | 0 |
_uhttps://www.communities.gov.uk/publications/corporate/statistics/housebuildingQ32005 _zView the item free of charge at www.communities.gov.uk |
| 942 | _n0 | ||
| 999 |
_c76203 _d76203 |
||